[Event "DSOL 02 Liga Gr-B 1st"]
[Site "Playchess.com INT"]
[Date "2020.07.10"]
[Round "3.1"]
[White "Lesny, Florian"]
[Black "Koop, Soeren"]
[Result "1-0"]
[WhiteElo "2137"]
[BlackElo "2077"]
[PlyCount "89"]
[EventDate "2020.06.22"]
[EventType "team-tourn (rapid)"]
[EventCountry "GER"]
[SourceTitle "EXT 2021"]
[Source "ChessBase"]
[SourceDate "2020.10.23"]
[SourceVersion "1"]
[SourceVersionDate "2020.10.23"]
[SourceQuality "1"]
[WhiteTeam "Niederbrechen"]
[BlackTeam "Wrist Kellinghusen"]
[WhiteTeamCountry "GER"]
[BlackTeamCountry "GER"]

1. e4 d6 2. d4 Nf6 3. Nc3 e5 4. Nf3 Nbd7 5. Bc4 Be7 6. 0-0 0-0 7. a4 c6 8. Re1 b6 9. h3 a6 10. Ba2 Bb7 11. Nh4 g6 12. Nf3 Kg7 13. Be3 b5 14. Qd2 Ng8 15. Rad1 Qc7 16. dxe5 Nxe5 17. Nxe5 dxe5 18. Qd7 Qb8 19. Bb6 Qc8 20. Bc7 Qxd7 21. Rxd7 Bc8 22. Bxe5+ f6 23. Rc7 fxe5 24. Bxg8 Kxg8 25. Rxe7 Rd8 26. Rxe5 b4 27. Nd1 Rd2 28. Ne3 Kf7 29. Rd1 Rxd1+ 30. Nxd1 Be6 31. Rc5 Bd7 32. Ne3 Ke6 33. Nc4 h6 34. Nb6 Rb8 35. Re5+ Kd6 36. Nc4+ Kc7 37. Re7 b3 38. c3 Re8 39. Rxe8 Bxe8 40. f4 c5 41. a5 Kc6 42. Kf2 g5 43. Ke3 gxf4+ 44. Kxf4 h5 45. Kg5 1-0

[Event "Hamburg HSK Christmas op 4th"]
[Site "Hamburg"]
[Date "2018.12.29"]
[Round "5"]
[White "Koop, Soeren"]
[Black "Schellhorn, Wolfgang"]
[Result "1-0"]
[WhiteElo "2096"]
[BlackElo "2138"]
[PlyCount "79"]
[EventDate "2018.12.27"]
[EventType "swiss"]
[EventRounds "7"]
[EventCountry "GER"]
[SourceTitle "CBM 188 Extra"]
[Source "ChessBase"]
[SourceDate "2019.02.26"]
[SourceVersion "1"]
[SourceVersionDate "2019.02.26"]
[SourceQuality "1"]

1. e4 c5 2. Nf3 d6 3. d4 cxd4 4. Nxd4 Nf6 5. Nc3 a6 6. Be2 e5 7. Nb3 Be7 8. 0-0 0-0 9. a4 b6 10. Be3 Bb7 11. Bf3 Nbd7 12. Qd3 Qc7 13. Rfd1 Rac8 14. Rd2 Rfd8 15. h3 Qc4 16. Nd5 Nxd5 17. Qxc4 Rxc4 18. exd5 f5 19. a5 b5 20. Bb6 Rdc8 21. c3 Nf6 22. Rad1 b4 23. cxb4 Rxb4 24. Nc1 e4 25. Be2 Nxd5 26. Rxd5 Bxd5 27. Rxd5 Rxc1+ 28. Kh2 g6 29. Bxa6 Bf6 30. Rb5 Be5+ 31. g3 Rxb5 32. Bxb5 d5 33. a6 d4 34. a7 Ra1 35. b3 d3 36. Ba4 d2 37. a8Q+ Kg7 38. Qb7+ Kh6 39. Be3+ f4 40. Bxd2 1-0

[Event "Kiel op 28th"]
[Site "Kiel"]
[Date "2015.07.28"]
[Round "6"]
[White "Wanner, Lukas"]
[Black "Koop, Soeren"]
[Result "1/2-1/2"]
[WhiteElo "1944"]
[BlackElo "2070"]
[PlyCount "61"]
[EventDate "2015.07.25"]
[EventType "swiss"]
[EventRounds "9"]
[EventCountry "GER"]
[SourceTitle "CBM 167 Extra"]
[Source "ChessBase"]
[SourceDate "2015.09.14"]
[SourceVersion "1"]
[SourceVersionDate "2015.09.14"]
[SourceQuality "1"]

1. d4 d5 2. Nf3 Nf6 3. e3 Bf5 4. c4 c6 5. Nc3 e6 6. Qb3 Qb6 7. c5 Qc7 8. Nh4 Bg6 9. Nxg6 hxg6 10. g3 Nbd7 11. Bg2 b6 12. cxb6 Qxb6 13. Qc2 c5 14. 0-0 Rc8 15. dxc5 Bxc5 16. e4 dxe4 17. Nxe4 Nxe4 18. Qxe4 0-0 19. Qb7 Qxb7 20. Bxb7 Rc7 21. Ba6 Bd4 22. Rd1 e5 23. Bb5 Rb8 24. Bxd7 Rxd7 25. Rd2 Rc7 26. Rxd4 exd4 27. Bf4 Rbc8 28. Bxc7 Rxc7 29. Rd1 Rc2 30. Rxd4 Rxb2 31. Ra4 1/2-1/2

[Event "Schleswig Holstein-ch"]
[Site "Neumuenster"]
[Date "2013.03.25"]
[Round "4"]
[White "Koop, Soeren"]
[Black "Kitschke, Heiko"]
[Result "1-0"]
[WhiteElo "2049"]
[BlackElo "2112"]
[PlyCount "59"]
[EventDate "2013.03.23"]
[EventType "swiss"]
[EventRounds "5"]
[EventCountry "GER"]
[SourceTitle "CBM 153 Extra"]
[Source "ChessBase"]
[SourceDate "2013.04.22"]
[SourceVersion "1"]
[SourceVersionDate "2013.04.22"]
[SourceQuality "1"]

1. e4 e6 2. d4 d5 3. Nc3 Nf6 4. e5 Nfd7 5. f4 c5 6. Nf3 Nc6 7. Ne2 a6 8. c3 b5 9. g3 Bb7 10. Bh3 g6 11. 0-0 cxd4 12. cxd4 h5 13. Bg2 Rc8 14. h3 Ne7 15. g4 hxg4 16. hxg4 Nb6 17. Ng3 Qd7 18. b3 Bh6 19. f5 Bxc1 20. Rxc1 exf5 21. gxf5 Nxf5 22. Nxf5 Qxf5 23. Rxc8+ Nxc8 24. Qc1 Rh5 25. Qc7 Qd7 26. Qb8 Qc6 27. e6 f6 28. Qf4 f5 29. Rc1 Qb6 30. Qb8 1-0

[Event "Schleswig Holstein-ch"]
[Site "Neumuenster"]
[Date "2013.03.24"]
[Round "2"]
[White "Koop, Soeren"]
[Black "Kopylov, Michael"]
[Result "0-1"]
[WhiteElo "2049"]
[BlackElo "2465"]
[PlyCount "72"]
[EventDate "2013.03.23"]
[EventType "swiss"]
[EventRounds "5"]
[EventCountry "GER"]
[SourceTitle "CBM 153 Extra"]
[Source "ChessBase"]
[SourceDate "2013.04.22"]
[SourceVersion "1"]
[SourceVersionDate "2013.04.22"]
[SourceQuality "1"]

1. e4 d5 2. exd5 Qxd5 3. Nc3 Qd6 4. d4 Nf6 5. Be3 a6 6. Bd3 Nc6 7. Ne4 Qb4+ 8. c3 Qxb2 9. Ne2 e6 10. Nxf6+ gxf6 11. 0-0 Bd6 12. c4 b6 13. c5 bxc5 14. Qa4 Bd7 15. Rfb1 Nb4 16. Qd1 Qa3 17. Be4 Rd8 18. Bc1 Qa4 19. Qd2 cxd4 20. a3 Nc6 21. Bb2 Rg8 22. Qh6 Ke7 23. Ng3 Ne5 24. Bxh7 Ng4 25. Qh4 Rg7 26. Bd3 c5 27. Nh5 Bxh2+ 28. Kh1 Rh8 29. f3 Rxh5 30. Qxh5 Nf2+ 31. Kxh2 Nxd3 32. Qh6 Rg6 33. Qd2 Ne5 34. Re1 Qb3 35. Bc1 Qd5 36. Re4 Nxf3+ 0-1

[Event "Schleswig Holstein-ch Vormeister"]
[Site "Buesum"]
[Date "2010.04.01"]
[Round "8.9"]
[White "Koop, Soeren"]
[Black "Ruiz Hampel, Enrique"]
[Result "1/2-1/2"]
[WhiteElo "2023"]
[BlackElo "2020"]
[PlyCount "51"]
[EventDate "2010.03.27"]
[EventType "swiss"]
[EventRounds "9"]
[EventCountry "GER"]
[SourceTitle "EXT 2022"]
[Source "ChessBase"]
[SourceDate "2021.10.06"]
[SourceVersion "1"]
[SourceVersionDate "2021.10.06"]
[SourceQuality "1"]

1. e4 e6 2. d4 d5 3. Nc3 Nf6 4. e5 Nfd7 5. f4 b6 6. Nf3 Ba6 7. Bxa6 Nxa6 8. f5 c5 9. fxe6 fxe6 10. Ne2 Be7 11. 0-0 0-0 12. c3 Nc7 13. Be3 Nb8 14. Qe1 Qd7 15. Qg3 Nc6 16. a3 Rf7 17. Nf4 Raf8 18. Rf2 cxd4 19. cxd4 Na5 20. Raf1 Nc4 21. Bc1 b5 22. Nh5 Kh8 23. Ng5 Rxf2 24. Rxf2 Rxf2 25. Qxf2 Qe8 26. Ng3 1/2-1/2

[Event "Schleswig Holstein-ch Vormeister"]
[Site "Buesum"]
[Date "2010.03.30"]
[Round "5.4"]
[White "Schmidt, Peter"]
[Black "Koop, Soeren"]
[Result "0-1"]
[WhiteElo "1984"]
[BlackElo "2023"]
[PlyCount "48"]
[EventDate "2010.03.27"]
[EventType "swiss"]
[EventRounds "9"]
[EventCountry "GER"]
[SourceTitle "EXT 2022"]
[Source "ChessBase"]
[SourceDate "2021.10.06"]
[SourceVersion "1"]
[SourceVersionDate "2021.10.06"]
[SourceQuality "1"]

1. e4 e5 2. Nf3 Nc6 3. Bc4 Bc5 4. c3 Nf6 5. d4 exd4 6. cxd4 Bb4+ 7. Nc3 Nxe4 8. 0-0 Bxc3 9. d5 Bf6 10. Re1 0-0 11. Rxe4 Ne7 12. d6 cxd6 13. Bg5 d5 14. Bxd5 Nxd5 15. Qxd5 Bxg5 16. Nxg5 h6 17. Nxf7 Rxf7 18. Rae1 Qf6 19. Re7 Qxf2+ 20. Kh1 d6 21. h3 Bxh3 22. gxh3 Raf8 23. Rg1 Qh4 24. Kh2 Qxe7 0-1

[Event "Schleswig Holstein-ch Vormeister"]
[Site "Buesum"]
[Date "2010.03.29"]
[Round "3.11"]
[White "Bernhardt, Gerd"]
[Black "Koop, Soeren"]
[Result "1-0"]
[WhiteElo "2031"]
[BlackElo "2023"]
[PlyCount "65"]
[EventDate "2010.03.27"]
[EventType "swiss"]
[EventRounds "9"]
[EventCountry "GER"]
[SourceTitle "EXT 2022"]
[Source "ChessBase"]
[SourceDate "2021.10.06"]
[SourceVersion "1"]
[SourceVersionDate "2021.10.06"]
[SourceQuality "1"]

1. d4 d5 2. Nf3 Nf6 3. e3 Bf5 4. c4 c6 5. Nc3 e6 6. Nh4 Bg4 7. Qb3 Qc7 8. f3 Bh5 9. g4 Bg6 10. Bd2 dxc4 11. Bxc4 Bd6 12. 0-0-0 b5 13. Bf1 Nbd7 14. Nxg6 hxg6 15. g5 Nh5 16. Ne4 Ng3 17. Nxg3 Bxg3 18. Kb1 Bd6 19. f4 a6 20. Bg2 Rc8 21. Rc1 Qb6 22. Qd3 Rc7 23. e4 Kf8 24. f5 gxf5 25. exf5 exf5 26. Qxf5 Qxd4 27. Bc3 Qf4 28. Qd3 Nc5 29. Qd1 Ne4 30. Be1 Qe5 31. Ka1 Rd7 32. Rxc6 Bb4 33. Bxb4+ 1-0

[Event "Schleswig Holstein-ch Vormeister"]
[Site "Buesum"]
[Date "2010.03.28"]
[Round "2.1"]
[White "Koop, Soeren"]
[Black "Wobbe, Sven"]
[Result "1/2-1/2"]
[WhiteElo "2023"]
[BlackElo "2146"]
[PlyCount "79"]
[EventDate "2010.03.27"]
[EventType "swiss"]
[EventRounds "9"]
[EventCountry "GER"]
[SourceTitle "EXT 2022"]
[Source "ChessBase"]
[SourceDate "2021.10.06"]
[SourceVersion "1"]
[SourceVersionDate "2021.10.06"]
[SourceQuality "1"]

1. e4 c5 2. Nf3 e6 3. d4 cxd4 4. Nxd4 a6 5. Bd3 Nf6 6. 0-0 d6 7. Qe2 Be7 8. c4 0-0 9. Nc3 Qc7 10. Bd2 Nc6 11. Nxc6 bxc6 12. Rae1 e5 13. f4 exf4 14. Bxf4 Nd7 15. h3 Ne5 16. Kh1 a5 17. b3 Be6 18. Bc2 Rfe8 19. Qf2 Ng6 20. Bg3 Bf6 21. Qd2 Be5 22. Bf2 Qd7 23. Qe3 Bf4 24. Qf3 Be5 25. Rd1 Qe7 26. Bg3 Qg5 27. Bxe5 dxe5 28. a4 Rad8 29. Rxd8 Rxd8 30. Rd1 Rxd1+ 31. Nxd1 Nf4 32. Kh2 Qd8 33. Qc3 f6 34. Nf2 Kf7 35. Nd3 Ne2 36. Qd2 Nd4 37. Bd1 Qb6 38. Qf2 Kg8 39. Qb2 Kf7 40. Qf2 1/2-1/2

[Event "Schleswig Holstein-ch U16 VM-B"]
[Site "Neumuenster"]
[Date "2005.03.23"]
[Round "7"]
[White "Steffen, Daniel"]
[Black "Koop, Soeren"]
[Result "1/2-1/2"]
[WhiteElo "1350"]
[BlackElo "1450"]
[PlyCount "49"]
[EventDate "2005.03.19"]
[EventType "swiss"]
[EventRounds "9"]
[EventCountry "GER"]
[SourceTitle "EXT 2007"]
[Source "ChessBase"]
[SourceDate "2006.11.23"]
[SourceVersion "1"]
[SourceVersionDate "2006.11.23"]
[SourceQuality "1"]

1. e4 e5 2. Nf3 Nc6 3. Bc4 Bc5 4. d3 h6 5. Nc3 d6 6. h3 Na5 7. Bb3 Nxb3 8. axb3 f5 9. exf5 Bxf5 10. 0-0 Nf6 11. Re1 0-0 12. Be3 Bb6 13. Bxb6 axb6 14. Nd2 Qd7 15. Nde4 Qf7 16. Nxf6+ Qxf6 17. Qd2 Qg6 18. Qe3 Rae8 19. Nd5 Rf7 20. Ra7 Bd7 21. Qe4 Bf5 22. Qe3 Be6 23. Qe4 Bf5 24. Qe3 Bd7 25. Qe4 1/2-1/2

[Event "Schleswig Holstein-ch U16 VMA"]
[Site "Neumuenster"]
[Date "2004.03.21"]
[Round "2"]
[White "Bal, Onur"]
[Black "Koop, Soeren"]
[Result "0-1"]
[WhiteElo "1093"]
[BlackElo "1366"]
[PlyCount "58"]
[EventDate "2004.03.20"]
[EventType "swiss"]
[EventRounds "9"]
[EventCountry "GER"]
[SourceTitle "EXT 2006"]
[Source "ChessBase"]
[SourceDate "2005.11.24"]
[SourceVersion "1"]
[SourceVersionDate "2005.11.24"]
[SourceQuality "1"]

1. e4 e5 2. Nf3 Nc6 3. Nc3 Bc5 4. Bb5 Nge7 5. 0-0 a6 6. Bc4 d6 7. h3 0-0 8. d3 Be6 9. Bxe6 fxe6 10. Ng5 Rf6 11. Qg4 Qd7 12. Be3 Nd4 13. Rac1 Rg6 14. h4 h6 15. h5 Rf6 16. Nh3 Raf8 17. f4 exf4 18. Rxf4 Qc8 19. Rxf6 Rxf6 20. Rf1 Rxf1+ 21. Kxf1 Qf8+ 22. Bf4 e5 23. Nd5 Nxd5 24. exd5 exf4 25. Nxf4 Nxc2 26. Qe6+ Kh8 27. g3 Be3 28. Qg4 Bxf4 29. gxf4 Ne3+ 0-1

[Event "Schleswig Holstein-ch U16 VMA"]
[Site "Neumuenster"]
[Date "2004.03.20"]
[Round "1"]
[White "Koop, Soeren"]
[Black "Von Karger, Lucas"]
[Result "1-0"]
[WhiteElo "1366"]
[BlackElo "892"]
[PlyCount "49"]
[EventDate "2004.03.20"]
[EventType "swiss"]
[EventRounds "9"]
[EventCountry "GER"]
[SourceTitle "EXT 2006"]
[Source "ChessBase"]
[SourceDate "2005.11.24"]
[SourceVersion "1"]
[SourceVersionDate "2005.11.24"]
[SourceQuality "1"]

1. e4 d5 2. exd5 c6 3. dxc6 bxc6 4. Bc4 e5 5. d3 Be6 6. Bxe6 fxe6 7. Qh5+ g6 8. Qxe5 Nf6 9. Qxe6+ Qe7 10. Qxe7+ Bxe7 11. Bg5 Rf8 12. Nf3 Bc5 13. Bxf6 Rxf6 14. 0-0 Nd7 15. Nbd2 Rb8 16. Rab1 Bd6 17. Rfe1+ Kf7 18. Ne4 Re6 19. Neg5+ Kg7 20. Rxe6 Bf4 21. Re7+ Kf6 22. Rxd7 Bxg5 23. Nxg5 Kxg5 24. b3 h5 25. Re1 1-0

[Event "Schleswig Holstein-ch U14 MT"]
[Site "Neumuenster"]
[Date "2003.03.15"]
[Round "8"]
[White "Kim, Oi Sin"]
[Black "Koop, Soeren"]
[Result "1-0"]
[WhiteElo "1649"]
[BlackElo "1193"]
[PlyCount "49"]
[EventDate "2003.03.??"]
[EventType "tourn"]
[EventRounds "9"]
[EventCountry "GER"]
[SourceTitle "EXT 2005"]
[Source "ChessBase"]
[SourceDate "2004.11.15"]
[SourceVersion "1"]
[SourceVersionDate "2004.11.15"]
[SourceQuality "1"]

1. e4 e5 2. Nf3 Nc6 3. Bc4 Bc5 4. c3 Nf6 5. d4 exd4 6. cxd4 Bb4+ 7. Bd2 Nxe4 8. Bxb4 Nxb4 9. Bxf7+ Kxf7 10. Qb3+ Ke8 11. Qxb4 d6 12. 0-0 Ng5 13. Re1+ Kf7 14. Nxg5+ Qxg5 15. Qc4+ Kg6 16. Qxc7 Rd8 17. Qe7 Qxe7 18. Rxe7 Kf6 19. Rc7 Re8 20. Nc3 b6 21. Nd5+ Ke6 22. Re1+ Kxd5 23. Rxe8 Kxd4 24. Rcxc8 Rxc8 25. Rxc8 1-0